00977nam a2200277 a 450000100060000000300080000600500170001400800410003102000150007203500190008703500170010604000270012304100080015008200250015811000620018324502100024526000380045530000250049349000140051849000180053265000170055071000390056771000610060683000140066783000180068143813BD-RjUL20211209053745.0160627s1962 nyu i000 0 eng d c: USD 1.50 a(BD-RjUL)43931 aGLIS00422349 aCFIcCFIbengdBD-RjUL aeng 223a333.31bUNP 19621 aUnited Nations. Department of Economic and Social Affairs10aProgress in land reform:bthird report /cprepared jointly by the Secretariats of the United Nations ; the Food and Agriculture Organization of the United Nations and the International Labour Organisation. aNew York :bUnited Nations,c1962 avi, 104 p. ;c28 cm.1 aST/SOA/491 aE/3603/Rev. 1 0aLand reform.2 aInternational Labour Organisation.2 aFood and Agriculture Organization of the United Nations. 0aST/SOA/49 0aE/3603/Rev. 1